| 000 | 00469nam a2200169Ia 4500 | ||
|---|---|---|---|
| 999 |
_c20954 _d20954 |
||
| 003 | OSt | ||
| 005 | 20200701115030.0 | ||
| 008 | 190216s9999||||xx |||||||||||||| ||und|| | ||
| 040 | _coclc | ||
| 082 |
_a901 _bPRA/E |
||
| 100 |
_aPrasad , Lallan _91375 |
||
| 245 | 0 |
_aEvolution Of Indian Culture / _cL Prasad |
|
| 260 |
_bLakshmi Narain Agarwal Pub, _aDelhi: |
||
| 300 | _a414p | ||
| 650 | _aHistory | ||
| 942 |
_cBK _2ddc _h901 _iPRA/E _k901 _mPRA/E |
||